000 00203nam a2200109Ia 4500
100 _aMAILER/NORMAN.
942 _cBK
245 _aANCIENT EVENINGS.
260 _b#N/A
546 _aENGLISH
999 _c31201
_d31201